Changing Lenses (Record no. 17839)
[ view plain ]
| 000 -LEADER | |
|---|---|
| fixed length control field | 00534nam a2200229 a 4500 |
| 020 ## - INTERNATIONAL STANDARD BOOK NUMBER | |
| ISBN | 0836135121 |
| 082 00 - DEWEY DECIMAL CLASSIFICATION NUMBER | |
| Classification number | 364.6 |
| Author Cutter | ZEH |
| 100 ## - MAIN ENTRY--AUTHOR NAME | |
| Author name | Zehr, Howard |
| 245 ## - TITLE STATEMENT | |
| Title | Changing Lenses |
| 260 ## - PUBLICATION, DISTRIBUTION, ETC. (IMPRINT) | |
| Place of publication | Ontario |
| Name of publisher | Herald Press |
| Year of publication | 1990 |
| 300 ## - PHYSICAL DESCRIPTION | |
| Number of Pages | 280p |
| 500 ## - GENERAL NOTE | |
| General note | includes index and biblioraphy |
| 650 ## - SUBJECT ADDED ENTRY--TOPICAL TERM | |
| Topical Term | Crime |
| 942 ## - ADDED ENTRY ELEMENTS (KOHA) | |
| Koha item type | Books |
| 700 1# - | |
| -- | Zehr, Howard |
| Collection code | Home library | Current library | Date acquired | Cost, normal purchase price | Full call number | Accession Number | Koha item type |
|---|---|---|---|---|---|---|---|
| Henry Martyn Institute Library | Henry Martyn Institute Library | 05/31/2007 | 100.00 | 364.6 ZEH | 11002029 | Books |
